00410nam a2200157Ia 45000010006000000050017000060080041000230410008000640820015000721000030000872450082001172600009001993000028002086500008002366540008002441162920260306162842.0260306t2013||||xx |||||||||||||| ||spa|| aESP a985.6bL89 aLorandi, Ana MaríaeAUT 0aLa pedagogía del miedo:bLos borbones y el criollismo en el Cuzco 1780-1790 c2013 a247 páginas :c24 cm. aGEN aCHU